| 000 | 00398nam a2200157Ia 4500 | ||
|---|---|---|---|
| 008 | 230917s9999||||xx |||||||||||||| ||und|| | ||
| 020 | _cPOU4.95 | ||
| 040 |
_e4765 _aMAIN |
||
| 041 | _aEnglish | ||
| 082 | _a301.56 D851I | ||
| 100 | _aDubey, D L | ||
| 245 | 0 | _aInduroduction to the sociology of Nigerian education | |
| 260 |
_aLondon _bMacmillan _c1979 |
||
| 300 | _aviii, 100 p. | ||
| 942 | _cBK | ||
| 999 |
_c206314 _d206314 |
||